| 000 | 00554ntaaa2200181 4500 | ||
|---|---|---|---|
| 003 | 01 | ||
| 005 | 20251027203016.0 | ||
| 008 | 0714s1973 ag 01 | ||
| 040 |
_aAR-BaBN _bspa _cAR-BaBN _eaacr _dRIC |
||
| 082 | _a463.0000 R22 | ||
| 100 | _aReal Academia Española | ||
| 245 | _aDiccionario de la lengua española | ||
| 250 | _a1 ed. | ||
| 260 |
_aMadrid : _bReal Academia Española, _c1956 + |
||
| 500 | _aEj. 1 (07589) 18 ed. Ej. 2 (29951) 19 ed. Ejs. 3 4 (35954 y 25955) tomos 1 2, 20 ed. | ||
| 650 |
_aReal Academia Española _931179 |
||
| 942 | _cBK | ||
| 999 |
_c25535 _d25535 |
||